Villes de France commençant par "Mont" Carte Quiz - Statistiques

Statistiques générales
  • Ce quiz a été pris 8 375 fois
  • Le résultat moyen est 7 sur 15
Réponses sur la Carte
Les réponses sont colorées sur une échelle allant du rouge au vert en fonction du pourcentage des utilisateurs qui les ont devinées à leur premier essai. Vous pouvez retrouver ces pourcentages ci-dessous.
 
Statistiques - réponses
Réponse % Correct
Montpellier
89%
Montauban
64%
Montélimar
63%
Montreuil-sur-Mer
63%
Mont-de-Marsan
61%
Montbéliard
59%
Montluçon
48%
Montargis
47%
Montereau-Fault-Yonne
34%
Montmorency
34%
Montceau-les-Mines
32%
Montbrison
26%
Montdidier
21%
Montbard
18%
Montsoreau
17%
Aucun quiz correspondant
Distribution des résultats
% des personnes avec chaque résultat
Percentile par nombre de réponses
Votre historique - résultats
Vous n’avez pas pris ce quiz